Vzdelávanie a konkurencieschopnosť ekonomík vo väzbe na Lisabonskú stratégiu

Lisabonská stratégia a vzdelávanie. Okrem iného si Lisabonská stratégia kladie za cieľ zvýšenie investívií do výskumu a vývoja, podporu inovácií a posilnenie informačných a komunikačných technológií. Informatizácia a rozvoj znalostnej spoločnosti. Aplikácia Lisabonskej stratégie na podmienky Slovens...

Celý popis

Uložené v:
Podrobná bibliografia
Hlavný autor: Rievajová, Eva
Ďalší autori: Barkócziová, Michaela
Médium: Kapitola
Jazyk:Slovak
Predmet:
Tagy: Pridať tag
Žiadne tagy, Buďte prvý, kto otaguje tento záznam!

MARC

LEADER 00000naa$a2200000$$$4500
001 0050168
005 20240502071558.2
041 0 |a slo 
044 |a SK 
245 1 0 |a Vzdelávanie a konkurencieschopnosť ekonomík vo väzbe na Lisabonskú stratégiu  |c Eva Rievajová, Michaela Barkócziová 
520 |a Lisabonská stratégia a vzdelávanie. Okrem iného si Lisabonská stratégia kladie za cieľ zvýšenie investívií do výskumu a vývoja, podporu inovácií a posilnenie informačných a komunikačných technológií. Informatizácia a rozvoj znalostnej spoločnosti. Aplikácia Lisabonskej stratégie na podmienky Slovenska. 
610 2 0 |a vzdelávanie 
610 2 0 |a výskum 
610 2 0 |a vývoj 
610 2 0 |a inovácia 
610 2 0 |a technológie informačné 
610 2 0 |a technológie komunikačné 
610 2 0 |a spoločnosť vedomostná 
610 2 0 |a konkurencieschopnosť 
610 2 0 |a Slovensko 
100 1 |a Rievajová, Eva 
700 1 |a Barkócziová, Michaela